A traveller's history of Egypt /
Main Author:
Other Authors: ,
Format: Book
Language: English
Published:
Gloucestershire :
Chastleton Travel,
2007.
Series:
Traveller's history.
Subjects:
Tags: Add Tag
Call Number: DT56.2 .A337 2007
| LEADER | 01646cam a22002894i 4500 | ||
|---|---|---|---|
| 003 | OSt | ||
| 005 | 20260429122346.0 | ||
| 008 | 060404s2007 enkab b 001 0 eng | ||
| 020 | |a 1905214014 | ||
| 020 | |a 9781905214013 | ||
| 040 | |c ARCE Library | ||
| 043 | |a f-ua--- | ||
| 050 | 4 | |a DT56.2 .A337 2007 | |
| 100 | 1 | |a Adès, Harry, |e author | |
| 245 | 1 | 2 | |a A traveller's history of Egypt / |c Harry Adés ; foreword by Penelope Lively ; line drawings Peter Geissler. |
| 264 | 1 | |a Gloucestershire : |b Chastleton Travel, |c 2007. | |
| 300 | |a xii, 452 pages. : |b illustrations, maps ; |c 20 cm. | ||
| 490 | 0 | |a Traveller's history. | |
| 504 | |a Includes bibliographical references (pages 399-404) and index. | ||
| 505 | 0 | |a Land, origins and prehistory, c.33,000,000-3000 BC -- Rise and fall of early Egypt, the Dynastic Period and the Old Kingdom c.3000-2160 BC -- Renaissance and upheaval, the first Intermediate Period, the Middle Kingdom and the second Intermediate Period c.2160-1550 BC -- New Kingdom, c1550-1069 BC -- Fragmentation and repair, the third Intermediate Period and the Late Period c.1069-332 BC -- Alexander and the Ptolemies, 332-30 BC -- From Rome to Byzantium, 30 BC-641 AD -- Arab Age, 642-1250 -- Mamluks and Ottomans, 1250-1798 -- Dawn of the Modern State, 1798-1882 -- British occupation, 1882-1952 -- Nasser, Sadat and Contemporary Egypt, 1952- | |
| 651 | 0 | |a Egypt |x Description and travel. | |
| 651 | 0 | |a Egypt |x History. | |
| 700 | 1 | |a Lively, Penelope, |d 1933-, |e author of introduction, etc. | |
| 700 | 1 | |a Geissler, Peter, |q (Peter G. W.), |e illustrator | |
| 901 | |a reviewed | ||
| 942 | |2 lcc |c BK | ||
| 999 | |c 55210 |d 55210 | ||
